|
|
|
|
| LEADER |
00000nab a2200000 a 4500 |
| 001 |
vtls000699723 |
| 003 |
SK-MaSNL |
| 005 |
20260302181302.0 |
| 008 |
140402c1999 xo 0 slo |
| 015 |
|
|
|a SNBRB1999/09-21054
|
| 035 |
|
|
|a CLN000051890
|
| 040 |
|
|
|a SNKBUCL
|b slo
|c SNKBUCL
|e AACR2
|
| 041 |
0 |
|
|a slo
|
| 044 |
|
|
|a xo
|c SK
|
| 080 |
|
|
|a 943.76-051"19"
|2 1997
|
| 080 |
|
|
|a 929 Pikart, Miroslav
|2 1997
|
| 100 |
1 |
|
|a Slaný, Ján
|c ml.
|4 aut
|9 891675
|
| 245 |
1 |
0 |
|a Odišiel M. Pikart
|c Ján Slaný ml.
|
| 600 |
1 |
7 |
|a Pikart, Miroslav
|d 1924-1999
|2 snkbucl
|9 891676
|
| 655 |
|
7 |
|a články z novín a časopisov
|2 snkbucl
|9 267496
|
| 773 |
0 |
|
|t Bojovník
|g Roč. 44, č. 5 (1999), s. 2
|x 0323-2018
|
| 850 |
|
|
|a Slovenská národná knižnica v Martine
|
| 852 |
|
|
|a SNK
|b KIS3GCP
|
| 958 |
|
|
|a SK
|
| 958 |
|
|
|a BX
|
| 992 |
|
|
|a RBX
|
| 999 |
|
|
|c 1413607
|d 1415537
|